00665nam a2200181Ia 4500001002200000003000900022008004100031040002300072041001300095100002100108245011800129250001500247260002200262300001900284490002000303501012400323520003600447234-ASS te gi (12785)IT-MiSPE171229s9999||||xx |||||||||||||| ||und|| aIT-MiSPEcIT-MiSPE aITALIANO aGiovanni Ancona  0aLa giustificazionebAtti del VII Corso di Aggiornamento per docenti di Teologia dogmatica: Roma, 2-4 gennaio 1997 a1a ed. (v) aPadovabEMPc1997 a393 p. c21 cm aStudi religiosi aEdizioni San Paolo srl - Piazza Soncino, 5 - 20092 CINISELLO BALSAMO (MI) (non commercial uses only) ® Copyright 2018 aAssociazione Teologica Italiana